All NFL Penalties - Statistics

General Stats
  • This quiz has been taken 229 times
  • The average score is 15 of 41
Answer Stats
Distance Penalty % Correct
10/5 Yards Holding
90%
10 Yards/Spot Foul Pass Interference
90%
5 Yards Offside
84%
5 Yards False Start
81%
15 Yards Roughing the Passer
75%
15 Yards Face Mask
72%
15 Yards Roughing the Kicker
64%
15 Yards Unsportsmanlike Conduct
60%
5 Yards Neutral Zone Infraction
52%
5 Yards Illegal Formation
50%
5 Yards Delay of Game
45%
5 Yards Encroachment
44%
10 Yards Intentional Grounding
43%
15 Yards Horse-Collar Tackle
41%
15 Yards Targeting
38%
5 Yards Illegal Touching of a Forward Pass
37%
5 Yards Illegal Touching of a Free Kick
37%
10 Yards Block in the Back
35%
15 Yards Chop Block
35%
10 Yards Tripping
35%
5 Yards Illegal Participation
34%
5 Yards Illegal Forward Pass
33%
5 Yards Illegal Shift
32%
15 Yards Personal Foul
31%
5 Yards Illegal Motion
26%
5 Yards Running into the Kicker
22%
5 Yards Illegal Contact
21%
10/5 Yards Illegal Hands to the Face
18%
15 Yards Clipping
17%
10/5 Yards Illegal Use of Hands
16%
15 Yards Leverage
16%
15 Yards Illegal Kick
15%
Spot Foul Illegal Kickoff
15%
5 Yards Illegal Substitution
13%
5 Yards Ineligible Receiver Downfield
13%
10 Yards Illegal Batting
8%
15 Yards Blocking Below the Waist
7%
15 Yards Roughing the Snapper
6%
Referee Discretion Unfair Act
6%
10 Yards Helping the Runner
5%
15 Yards Leaping
5%
No matching quizzes found
Score Distribution
Percent of People with Each Score
Percentile by Number Answered
Your Score History
You have not taken this quiz